Revista.AG (Registro n. 599)

Detalhes MARC
000 -LEADER
fixed length control field 00704nas a2200205 4500
005 - DATE AND TIME OF LATEST TRANSACTION
control field 20260507172057.0
008 - FIXED-LENGTH DATA ELEMENTS--GENERAL INFORMATION
fixed length control field 260507d20082009porwu|p ||| 00| 0 por d
040 ## - CATALOGING SOURCE
Transcribing agency BR-ViAPE
110 ## - MAIN ENTRY--CORPORATE NAME
Corporate name or jurisdiction name as entry element A Gazeta
245 ## - TITLE STATEMENT
Title Revista.AG
260 ## - PUBLICATION, DISTRIBUTION, ETC.
Place of publication, distribution, etc. Vitória
Name of publisher, distributor, etc. A Gazeta
Date of publication, distribution, etc. 2008-
300 ## - PHYSICAL DESCRIPTION
Other physical details il.
Extent v.
310 ## - CURRENT PUBLICATION FREQUENCY
Current publication frequency Semanal
362 ## - DATES OF PUBLICATION AND/OR SEQUENTIAL DESIGNATION
Dates of publication and/or sequential designation Ano 1, n. 9 (jul. 2008) - ano 1, n. 48 (abr. 2009).
500 ## - GENERAL NOTE
General note Disponibilizada apenas a imagem da capa na versão digital, em virtude de restrições de direitos autorais.
500 ## - GENERAL NOTE
General note Coleção incompleta: disponíveis apenas alguns números do periódico.
650 ## - SUBJECT ADDED ENTRY--TOPICAL TERM
Topical term or geographic name entry element Arte
General subdivision Moda
Geographic subdivision Espírito Santo
651 ## - SUBJECT ADDED ENTRY--GEOGRAPHIC NAME
Geographic name Espírito Santo
Form subdivision Periódicos
942 ## - ADDED ENTRY ELEMENTS (KOHA)
Source of classification or shelving scheme Dewey Decimal Classification
Suppress in OPAC Yes
Koha item type Periódicos
Exemplares
Withdrawn status Lost status Source of classification or shelving scheme Damaged status Not for loan Home library Current library Date acquired Total checkouts Date last seen Price effective from Koha item type
    Dewey Decimal Classification     Hemeroteca Digital do Arquivo Público do Estado do Espírito Santo Hemeroteca Digital do Arquivo Público do Estado do Espírito Santo 05/07/2026   05/07/2026 05/07/2026 Periódicos